Puccini
Saved in:
| Hovedforfatter: | |
|---|---|
| Format: | Bog |
| Sprog: | fransk |
| Udgivet: |
París
Du Seuil
1961
|
| Serier: | Collections Microcosme Solfèges, 20
|
| Fag: | |
| Tags: |
Tilføj Tag
Ingen Tags, Vær først til at tagge denne postø!
|
MARC
| LEADER | 00000nam a2200000 a 4500 | ||
|---|---|---|---|
| 001 | UCN2170 | ||
| 003 | CL-VaPUC | ||
| 008 | 010511e19610000FR |||||||||||||||||fre|d | ||
| 082 | 0 | 4 | |a 780.92 |b GAU |2 21 |
| 100 | |a Gauthier, André |e author |9 459405 | ||
| 245 | 1 | 0 | |a Puccini |
| 300 | |a 183 p | ||
| 942 | |c BK | ||
| 945 | |d 20010511 00:00:00 |a crobeson | ||
| 260 | |a París |b Du Seuil |c 1961 | ||
| 600 | 0 | |a Puccini, Giacomo |9 306246 | |
| 650 | 0 | |a Compositores italianos |9 329309 | |
| 650 | 7 | |a OPERA ITALIANA |2 CL-VaPUC |9 457851 | |
| 583 | |a last modification |c 20010511 00:00:00 |k Rodrigo Vera | ||
| 490 | 0 | |a Collections Microcosme Solfèges, 20 | |
| 999 | |c 295328 |d 295326 | ||
| 952 | |0 0 |1 0 |4 0 |6 780_920000000000000_GAU_1961 |7 0 |8 A |9 348308 |a BIBEDU |b BIBEDU |d 2019-11-20 |i 1181785 |o 780.92 GAU 1961 |p 1181785 |r 2023-01-12 |w 2019-11-20 |y BK |k MUS | ||